000 00574nam a2200229Ia 4500
003 OSt
005 20221005101632.0
006 a|||||r|||| 00| 0
007 ta
008 221004b |||||||| |||| 00| 0 mal d
024 _a53100
037 _cTextual
040 _aCRL
_cCRL
_bmal
041 _2mal
_amal
082 _aNR212w, 32K7
245 0 _aParicayam
260 _aTrichur
_bKerala sangeetha nataka academy India
_c1967
650 _a MUSIC
_917402
650 _aARTS
942 _hNR212w, 32K7
_cTEXL
_2cc
999 _c1007108
_d1007108